| 000 | 01222nam a2200265Ia 4500 | ||
|---|---|---|---|
| 003 | GCL | ||
| 005 | 20240530110938.0 | ||
| 008 | 140319s2021 ua 000 0 ara d | ||
| 020 | _a9789776764161 | ||
| 040 |
_aGCL / _cGCL |
||
| 082 | 0 | 4 |
_a937.06\ _bر ب |
| 100 | 1 | _aروزين، ويليام | |
| 245 | 1 | 0 |
_aبراغيث جستنيان : _bالوباء العظيم الاول ونهاية الامبراطورية الرومانية / _cتاليف ويليام روزين ؛ ترجمة اسامة عبدالحق نصار ؛ مراجعة نصار عبدالله |
| 250 | _aط. 1 | ||
| 260 |
_aالاسكندرية : _bدار الوفاء لدنيا الطباعة والنشر، _c2021 |
||
| 300 |
_a531 ص ؛ _c24 سم |
||
| 650 | 0 | 4 | _aالامبراطورية الرومانية |
| 650 | 0 | 4 | _aالعصور الوسطى - تاريخ |
| 650 | 0 | 4 | _aالامبراطورية الرومانية - تاريخ |
| 650 | 0 | 4 | _aالامبراطورية الرومانية - تاريخ - اسرة جستنيان ( 518 - 621م ) |
| 700 | 0 |
_aاسامة عبدالحق نصار _eمترجم |
|
| 700 | 0 |
_aنصار عبدالله _eمراجع |
|
| 942 |
_2ddc _cBK |
||
| 999 |
_c66779 _d66779 |
||